An Introduction to The Law of Uganda : (Record no. 73)

MARC details
000 -LEADER
fixed length control field 00703nam a22001697a 4500
008 - FIXED-LENGTH DATA ELEMENTS--GENERAL INFORMATION
fixed length control field 110407t xxu||||| |||| 00| 0 eng d
082 ## - DEWEY DECIMAL CLASSIFICATION NUMBER
Classification number 390.0961 BRO
100 ## - MAIN ENTRY--PERSONAL NAME
Personal name Brown Douglas
9 (RLIN) 184
245 ## - TITLE STATEMENT
Title An Introduction to The Law of Uganda :
Statement of responsibility, etc Douglas Brown /
250 ## - EDITION STATEMENT
Edition statement 1st ed .-
260 ## - PUBLICATION, DISTRIBUTION, ETC. (IMPRINT)
Place of publication, distribution, etc London;
Name of publisher, distributor, etc Sweet and maxwell.,
Date of publication, distribution, etc 1996.
300 ## - PHYSICAL DESCRIPTION
Extent vii136p.;
Dimensions 24cm.
700 ## - ADDED ENTRY--PERSONAL NAME
Personal name Allen, Peter A. P. J.
9 (RLIN) 185
942 ## - ADDED ENTRY ELEMENTS (KOHA)
Source of classification or shelving scheme Dewey Decimal Classification
Item type Books
Holdings
Withdrawn status Lost status Source of classification or shelving scheme Damaged status Not for loan Home library Current library Shelving location Date acquired Total Checkouts Full call number Barcode Date last seen Price effective from Koha item type
    Dewey Decimal Classification     Law Development Centre Main Library Law Development Centre Main Library Text Books and Laws 04/07/2011   390.0961 BRO 2011/2583 04/07/2011 04/07/2011 Books
    Dewey Decimal Classification     Law Development Centre Main Library Law Development Centre Main Library Text Books and Laws 04/07/2011   390.0961 BRO 2011/2584 04/07/2011 04/07/2011 Books